000 00816cad a22002055a 4500
001 L157692
008 130311s2013 xxk f 000 0 eng d
035 _a(Sirsi) u157692
041 0 _aeng
100 1 _aLee, Shan
245 0 0 _aRICS IPD valuation and sale price report UK 2012
_h[electronic resource]
260 _aLondon
_bRICS
_c2013
490 0 _aRICS Research
520 _aStudies data from the IPD Annual Index for the UK in 2011 and compares this against the sale prices of UK commercial property.
651 4 _aUnited Kingdom
_y
690 _aCommercial property
_96227
700 1 _aHowells, Lorraine
856 4 0 _uhttps://www.rics.org/Global/17820%20RICS%20IPD%20Valuation%20and%20Sales%20Price%20Report%202012%20-%20UK%20WEB.pdf
_zView the main report free of charge at www.rics.org
942 _n0
999 _c114925
_d114925